SISTEMA DE BIBLIOTECAS
Carmen Mendoza De Cornielle

El Modelo Dominicano de Prestación de Servicios de Salud, una Apuesta de Futuro / (Registro nro. 16341)

Detalles MARC
000 -CABECERA
campo de control de longitud fija 01492nam a2200289 i 4500
001 - NÚMERO DE CONTROL
campo de control 16341
003 - IDENTIFICADOR DEL NÚMERO DE CONTROL
campo de control DO-SdUEMH
005 - FECHA Y HORA DE LA ÚLTIMA TRANSACCIÓN
campo de control 20260210163824.0
007 - CAMPO FIJO DE DESCRIPCIÓN FÍSICA--INFORMACIÓN GENERAL
campo de control de longitud fija ta
008 - DATOS DE LONGITUD FIJA--INFORMACIÓN GENERAL
campo de control de longitud fija 211105s2005||||dr a|||gr|||| 0|| | spa d
040 ## - FUENTE DE LA CATALOGACIÓN
Centro catalogador/agencia de origen DO-SdUEMH
Lengua de catalogación spa
Normas de descripción rda
041 ## - CÓDIGO DE LENGUA
Código de lengua del texto/banda sonora o título independiente spa
082 14 - NÚMERO DE LA CLASIFICACIÓN DECIMAL DEWEY
Número de clasificación RD362.17293 S211M 2005
Colección Colección Dominicana
Número de documento/Ítem S194
084 ## - OTRO NÚMERO DE CLASIFICACIÓN
Item number 09-00570
100 #1 - ENTRADA PRINCIPAL--NOMBRE DE PERSONA
Nombre de persona Sánchez Sánchez, Antonio
Término indicativo de función/relación autor
245 #0 - MENCIÓN DE TÍTULO
Título El Modelo Dominicano de Prestación de Servicios de Salud, una Apuesta de Futuro /
Mención de responsabilidad, etc. Antonio Sánchez Sánchez
260 ## - PUBLICACIÓN, DISTRIBUCIÓN, ETC.
Date of publication, distribution, etc. 2005
264 #1 - PRODUCCIÓN, PUBLICACIÓN, DISTRIBUCIÓN, FABRICACIÓN Y COPYRIGHT
Lugar de producción, publicación, distribución, fabricación Santo Domingo, República Dominicana :
Nombre del de productor, editor, distribuidor, fabricante Búho,
Fecha de producción, publicación, distribución, fabricación o copyright 2005
264 #4 - PRODUCCIÓN, PUBLICACIÓN, DISTRIBUCIÓN, FABRICACIÓN Y COPYRIGHT
Fecha de producción, publicación, distribución, fabricación o copyright ©2005
300 ## - DESCRIPCIÓN FÍSICA
Extensión v, 159 páginas :
336 ## - TIPO DE CONTENIDO
Fuente rdacontent
Término de tipo de contenido texto
Código de tipo de contenido txt
337 ## - TIPO DE MEDIO
Fuente rdamedia
Nombre del tipo de medio sin mediación
Código del tipo de medio n
338 ## - TIPO DE SOPORTE
Fuente rdacarrier
Nombre del tipo de soporte volumen
Código del tipo de soporte nc
505 #2 - NOTA DE CONTENIDO CON FORMATO
Nota de contenido con formato Capítulo 1: Diseñando un modelo -- Capítulo 2: Rectoría y provisión: Dos funciones, dos estructuras -- Capítulo 3: La separación de funciones y el servicio nacional de salud -- Capítulo 4: Los compromisos de gestión, un nuevo sistema de relaciones -- Capítulo 5: La descentralización territorial: Los servicios regionales de salud -- Capítulo 6: La atención a las emergencias -- Capítulo 7: La atención a los usuarios -- Capítulo 8: El sistema de información -- Capítulo 9: La habilitación de los servicios -- Capítulo 10: Los recursos humanos -- Capítulo 11: La prestación farmacéutica -- Capítulo 12: Los servicios de atención colectiva.
942 ## - ELEMENTOS DE PUNTO DE ACCESO ADICIONAL (KOHA)
Fuente del sistema de clasificación o colocación Dewey Decimal Classification
Tipo de ítem Koha Libro
Suprimir en OPAC No
Existencias
Estado de retiro Estado de pérdida Fuente del sistema de clasificación o colocación Estado dañado Disponibilidad para préstamo Código de colección Localización permanente Ubicación/localización actual Fecha de adquisición Fuente de adquisición Total de préstamos Signatura topográfica completa Código de barras Fecha visto por última vez Número de copia Precio válido a partir de Tipo de ítem Koha
    Dewey Decimal Classification   Disponible para préstamo Colección Dominicana UNIREMHOS SEDE UNIREMHOS SEDE 02/10/2026 Donación   RD UNIREMHOS-SED1025 11/05/2021 ej. 1 11/05/2021 Libro
UNIREMHOS

Av. Abraham Lincoln no. 126, casi esq. José Contreras,
Santo Domingo, República Dominicana

Correo: info@uniremhos.edu.do

Tel.: (809) 532-3739

Horario: Lunes a Viernes: 8:00 am - 6:00 pm | Sábados: 8:00 am - 12:00 m

📍 Ubicación
UNEFA

Av. 27 de Febrero no. 52, El Vergel,
Santo Domingo, República Dominicana

Tel.: (809) 530-0224

📍 Ubicación
UFHEC

Av. Máximo Gómez esq. César Nicolás Penson, La Esperilla,
Santo Domingo, República Dominicana

Tel.: (809) 537-6000

📍 Ubicación